Platební neschopnost podniků, zásoby a úvěry.

Príčiny platobnej neschopnosti podnikov a jej ďalšieho zvyšovania. Odvetvia s najvyššou platobnou neschopnosťou. Vývoj zásob ako hlavný faktor nepriaznivej finančnej situácie podnikov. Vývoj zásob v štátnych hospodárskych organizáciách za r. 1989-1991. Zhoršovanie predpokladov poskytovania úverov po...

ver descrição completa

Na minha lista:
Detalhes bibliográficos
Autor principal: Nefová, E.
Formato: Capítulo de Livro
Idioma:tcheco
Assuntos:
Tags: Adicionar Tag
Sem tags, seja o primeiro a adicionar uma tag!

MARC

LEADER 00000naa a2200000 4500
001 r009579
005 20220831090530.5
041 0 |a cze 
044 |a [CS] 
245 1 0 |a Platební neschopnost podniků, zásoby a úvěry.  |c E. Nefová 
520 |a Príčiny platobnej neschopnosti podnikov a jej ďalšieho zvyšovania. Odvetvia s najvyššou platobnou neschopnosťou. Vývoj zásob ako hlavný faktor nepriaznivej finančnej situácie podnikov. Vývoj zásob v štátnych hospodárskych organizáciách za r. 1989-1991. Zhoršovanie predpokladov poskytovania úverov podnikom. 
610 2 0 |a insolventnosť 
610 2 0 |a podnik 
610 2 0 |a zásoby 
610 2 0 |a úver 
610 2 0 |a financie podnikové 
610 2 0 |a údaje štatistické 
610 2 0 |a 1989-1991 
610 2 0 |a ČSFR 
100 1 |a Nefová, E.